Strategie " zeleného růstu" a trh práce

Stručná charakteristika stratégie "zeleného rastu" podľa OECD. Väzba medzi politikou životného prostredia a zamestnanosťou v teoreticko-metodologickej rovine. Hlavné trendy, ktoré sa budú v rámci stratégie zeleného rastu demonštrovať v oblasti dopadu politiky ochrany životného prostredia na zamestna...

Descripción completa

Guardado en:
Detalles Bibliográficos
Autor principal: Tošovská, Eva
Formato: Capítulo de libro
Lenguaje:checo
Materias:
Etiquetas: Agregar Etiqueta
Sin Etiquetas, Sea el primero en etiquetar este registro!

MARC

LEADER 00000naa a2200000 4500
001 0146601
005 20231208072304.9
041 0 |a cze 
044 |a SK 
245 1 0 |a Strategie " zeleného růstu" a trh práce  |c Eva Tošovská 
520 |a Stručná charakteristika stratégie "zeleného rastu" podľa OECD. Väzba medzi politikou životného prostredia a zamestnanosťou v teoreticko-metodologickej rovine. Hlavné trendy, ktoré sa budú v rámci stratégie zeleného rastu demonštrovať v oblasti dopadu politiky ochrany životného prostredia na zamestnanosť. 
610 2 0 |a trh práce 
610 2 0 |a ochrana prostredia životného 
610 2 0 |a zamestnanosť 
610 2 0 |a politika environmentálna 
100 1 |a Tošovská, Eva